000 00317nam a2200133Ia 4500
008 191201s2009 xx 000 0 und d
082 _a658.84
_bCHS
100 _aCHOPRA, Sunil
245 0 _aSupply Chain Management
260 _aN.Delhi
_bPearson Education
_c2009
300 _a643
650 _aMBA
942 _2ddc
_cBK
999 _c2995
_d2995